| 000 | 00525nam a2200169 4500 | ||
|---|---|---|---|
| 001 | 114064 | ||
| 003 | ES-MaACL | ||
| 005 | 20230906190053.0 | ||
| 007 | t| | ||
| 008 | 061121s1980 sp r ||||1| spa d | ||
| 245 | 0 | 0 |
_aNostalgia y presencia de Medina Azahara / _cselección de Carlos Clementson. |
| 260 |
_aCórdoba : _bDiputación Provincial, _c1980. |
||
| 300 |
_a203 p., 18 lám. ; _c24 cm. |
||
| 700 | 1 |
_aClementson, Carlos. _939215 |
|
| 710 | 2 |
_aDiputación Provincial. _93394 |
|
| 852 |
_aES-MaACL _jL-2589 _bR.103672 |
||
| 999 |
_c114064 _d114064 |
||